Empirische Untersuchungen zur stationären Gruppenpsychotherapie: eine Übersicht

Saved in:  
Bibliographic Details
Main Author: Strauß, Bernhard 1956- (Author)
Format: Print Article
Language:German
Published: 1992
In: Gruppenpsychotherapie und Gruppendynamik
Year: 1992, Volume: 28, Issue: 2, Pages: 125-149
Check availability: HBZ Gateway
Keywords:

MARC

LEADER 00000caa a22000002c 4500
001 1640291229
003 DE-627
005 20220608131636.0
007 tu
008 160223s1992 xx ||||| 00| ||ger c
035 |a (DE-627)1640291229 
035 |a (DE-576)456107134 
035 |a (DE-599)BSZ456107134 
040 |a DE-627  |b ger  |c DE-627  |e rakwb 
041 |a ger 
100 1 |a Strauß, Bernhard  |d 1956-  |0 (DE-588)118037080  |0 (DE-627)079204619  |0 (DE-576)163220352  |4 aut 
109 |a Strauß, Bernhard 1956-  |a Strauß, B. 1956-  |a Strauss, Bernhard 1956-  |a Strauss, B. 1956- 
245 1 0 |a Empirische Untersuchungen zur stationären Gruppenpsychotherapie: eine Übersicht  |c Bernhard Strauß 
264 1 |c 1992 
336 |a Text  |b txt  |2 rdacontent 
337 |a ohne Hilfsmittel zu benutzen  |b n  |2 rdamedia 
338 |a Band  |b nc  |2 rdacarrier 
773 0 8 |i In  |t Gruppenpsychotherapie und Gruppendynamik  |d Göttingen : Vandenhoeck & Ruprecht, 2006  |g 28(1992), 2, Seite 125-149  |h Online-Ressource  |w (DE-627)555691322  |w (DE-600)2401224-5  |w (DE-576)276818652  |x 2196-7989  |7 nnas 
773 1 8 |g volume:28  |g year:1992  |g number:2  |g pages:125-149 
935 |a mkri 
951 |a AR 
ELC |b 1 
LOK |0 000 xxxxxcx a22 zn 4500 
LOK |0 001 3301823610 
LOK |0 003 DE-627 
LOK |0 004 1640291229 
LOK |0 005 20160223101552 
LOK |0 008 160208||||||||||||||||ger||||||| 
LOK |0 040   |a DE-21-110  |c DE-627  |d DE-21-110 
LOK |0 689   |a s  |a Gruppentherapie 
LOK |0 689   |a s  |a Evaluationsstudien 
LOK |0 852   |z Kein Bestand am IfK; Nachweis für KrimDok 
LOK |0 852   |a DE-21-110 
LOK |0 852 1  |m v  |9 00 
LOK |0 935   |a k110 
LOK |0 938   |k v 
LOK |0 939   |a 08-02-16  |b l01 
ORI |a SA-MARC-krimdoka001.raw